000 00441nam a2200181Ia 4500
005 20240823033537.0
008 240823s9999||||xx |||||||||||||| ||und||
041 _aENGLISH
082 _A621.3815 N1
100 _aArangaraju.A.R
245 0 _aSystem Design Using ICs
250 _a2nd
260 _c1991
_b"Pratheeba,Coimbatore"
500 _aTRANSFERED
650 _aIntegrated Circuit
_bElectronics
942 _cBK
999 _c196074
_d196074